000 00596nam a2200181Ia 4500
003 IN-BaIIA
008 211028s9999 xx 000 0 eng d
040 _cIIA Library
080 _a083.8:523.8
_bBOS-1
100 _aBoss, Benjamin
_911556
245 0 _aGeneral catalogue of 33342 stars for the epoch 1950
_cBenjamin Boss
260 _aWashington
_bCarnegie Institution of Washington
_c1963
300 _av, 339p.
650 _aAstronomy and Astrophysics Thesaurus
650 _aCatalogue-Stars
_9966
650 _aStars-Catalogue
_9967
942 _cBK
999 _c6742
_d6742